World Dictators - Statistics

General Stats
  • This quiz has been taken 85 times
  • The average score is 20 of 40
Answer Stats
Picture Answer % Correct
mao zedong
97%
adolf hitler
93%
joseph stalin
90%
kim il sung
90%
kim jong il
90%
idi amin
88%
muammar gaddafi
85%
benito mussolini
83%
saddam husseın
82%
vladimir putin
82%
xi jinping
82%
ho chi minh
73%
francisco franco
72%
hirohito
72%
robert mugabe
70%
leonid brezhnev
68%
augusto pinochet
65%
josip broz tito
63%
nicolas maduro
62%
pol pot
60%
hugo chavez
58%
ruhollah khomeini
55%
recep tayyip erdogan
53%
hosni mubarak
35%
enver hoxha
33%
ferdinand marcos
28%
paul kagame
28%
erich honecker
27%
nikita khruschev
27%
alexander lukashenko
25%
nicolae ceausescu
23%
getulio vargas
22%
jiang zemin
17%
wojciech jaruzelski
10%
janos kadar
8%
obiang nguema
8%
todor zhivkov
8%
gustav husak
7%
abdel fattah es sisi
3%
hafez esad
3%
No matching quizzes found
Score Distribution
Percent of People with Each Score
Percentile by Number Answered
Your Score History
You have not taken this quiz